<?xml version="1.0" encoding="UTF-8"?>
<collection xmlns="http://www.loc.gov/MARC21/slim">
<record>
  <controlfield tag="001">134274</controlfield>
  <controlfield tag="005">20240424142046.0</controlfield>
  <datafield tag="037" ind1=" " ind2=" ">
    <subfield code="a">TAZ-TFG-2023-4442</subfield>
  </datafield>
  <datafield tag="041" ind1=" " ind2=" ">
    <subfield code="a">spa</subfield>
  </datafield>
  <datafield tag="100" ind1="1" ind2=" ">
    <subfield code="a">Foncillas Julián, Ana</subfield>
  </datafield>
  <datafield tag="242" ind1="0" ind2="0">
    <subfield code="a">Play-based learning and its influence on the motivation of primary school students: Bibliographic review.</subfield>
  </datafield>
  <datafield tag="245" ind1="0" ind2="0">
    <subfield code="a">El Aprendizaje basado en el juego y su influencia en la motivación del alumnado de primaria: Revisión Bibliográfica.</subfield>
  </datafield>
  <datafield tag="260" ind1=" " ind2=" ">
    <subfield code="a">Zaragoza</subfield>
    <subfield code="b">Universidad de Zaragoza</subfield>
    <subfield code="c">2023</subfield>
  </datafield>
  <datafield tag="506" ind1=" " ind2=" ">
    <subfield code="a">by-nc-sa</subfield>
    <subfield code="b">Creative Commons</subfield>
    <subfield code="c">3.0</subfield>
    <subfield code="u">http://creativecommons.org/licenses/by-nc-sa/3.0/</subfield>
  </datafield>
  <datafield tag="520" ind1=" " ind2=" ">
    <subfield code="a">En este trabajo de fin de grado, se realiza una revisión bibliográfica sobre el aprendizaje basado en el juego y como este puede afectar a la motivación del alumnado. Tratando aspectos como: la definición del juego, las ventajas e inconvenientes, el aprendizaje a lo largo de la historia y a lo largo de la educación, así como la diferencia entre el aprendizaje basado en el juego (ABJ) y la gamificación. Al mismo tiempo, también se expone la definición, los diferentes tipos de motivación y como esta influyen en el aprendizaje de los alumnados. &lt;br />La revisión bibliográfica, analiza 10 artículos sobre diversas intervenciones que han aplicado el aprendizaje basado en el juego y seguidamente se exponen los resultados que se han obtenido. Sin dejar de lado, las estrategias de búsqueda y los criterios de inclusión y exclusión que se han seguido para la búsqueda de artículos. A su vez, se explica el procedimiento a seguir durante el proceso de búsqueda en las tres bases de datos utilizadas: Dialnet, Google Scholar y Alcorze.&lt;br />&lt;br /></subfield>
  </datafield>
  <datafield tag="521" ind1=" " ind2=" ">
    <subfield code="a">Graduado en Magisterio en Educación Primaria</subfield>
  </datafield>
  <datafield tag="540" ind1=" " ind2=" ">
    <subfield code="a">Derechos regulados por licencia Creative Commons</subfield>
  </datafield>
  <datafield tag="700" ind1=" " ind2=" ">
    <subfield code="a">Casanovas López, Raquel</subfield>
    <subfield code="e">dir.</subfield>
  </datafield>
  <datafield tag="710" ind1="2" ind2=" ">
    <subfield code="a">Universidad de Zaragoza</subfield>
    <subfield code="b">Psicología y Sociología</subfield>
    <subfield code="c"></subfield>
  </datafield>
  <datafield tag="856" ind1="0" ind2=" ">
    <subfield code="f">796612@unizar.es</subfield>
  </datafield>
  <datafield tag="856" ind1="4" ind2=" ">
    <subfield code="s">1017432</subfield>
    <subfield code="u">http://zaguan.unizar.es/record/134274/files/TAZ-TFG-2023-4442.pdf</subfield>
    <subfield code="y">Memoria (spa)</subfield>
  </datafield>
  <datafield tag="909" ind1="C" ind2="O">
    <subfield code="o">oai:zaguan.unizar.es:134274</subfield>
    <subfield code="p">driver</subfield>
    <subfield code="p">trabajos-fin-grado</subfield>
  </datafield>
  <datafield tag="950" ind1=" " ind2=" ">
    <subfield code="a"></subfield>
  </datafield>
  <datafield tag="980" ind1=" " ind2=" ">
    <subfield code="a">TAZ</subfield>
    <subfield code="b">TFG</subfield>
    <subfield code="c">FCHE</subfield>
  </datafield>
  <datafield tag="999" ind1=" " ind2=" ">
    <subfield code="a">20231107164926.CREATION_DATE</subfield>
  </datafield>
  <datafield tag="951" ind1=" " ind2=" ">
    <subfield code="a">deposita:2024-04-24</subfield>
  </datafield>
</record>
</collection>